Quick Pick: Elvis Presley Song Title Endings Quiz Stats

 Plays Quiz Updated Nov 2, 2016

Challenge
Share
Tweet
Embed
Score 0/12 Timer 01:00
0 Plays Today
% Correct
Never
98.4%
Love
98.4%
Up
97.9%
Tonight
97.7%
Rock
97.7%
Hotel
97.5%
Disguise
97.4%
Tender
97%
Ghetto
96.6%
Minds
95.9%
Sender
95.1%
Conversation
95%

Today's Daily Dose

You're not logged in!

Compare scores with friends on all Sporcle quizzes.
Join for Free
OR
Log In

You Might Also Like...

Show Comments

Extras

Top Quizzes Today


Score Distribution

Your Account Isn't Verified!

In order to create a playlist on Sporcle, you need to verify the email address you used during registration. Go to your Sporcle Settings to finish the process.

Report this User

Report this user for behavior that violates our Community Guidelines.

Details: